00250nam a22000857a 4500082003100000245005700031260001800088300002100106526003700127 a355.02bATIcL-30-II, P-48 aReflections on The Principle of Surprise & Deception aLahorecc1977 aP-113billc18cm a0b0c0d355_020000000000000_ATI